[Event "Morava-ch U16"]
[Site "Loucna nad Desnou"]
[Date "2017.10.25"]
[Round "3"]
[White "Urbanova, Daniela"]
[Black "Ivanov, Mikhail6666"]
[Result "0-1"]
[WhiteElo "1679"]
[BlackElo "1263"]
[PlyCount "118"]
[EventDate "2017.10.24"]
[EventType "swiss"]
[EventRounds "9"]
[EventCountry "CZE"]
[SourceTitle "EXT 2020"]
[Source "ChessBase"]
[SourceDate "2019.10.17"]
[SourceVersion "1"]
[SourceVersionDate "2019.10.17"]
[SourceQuality "1"]

1. e4 c5 2. Nf3 d6 3. d4 cxd4 4. Nxd4 Nf6 5. Nc3 a6 6. a4 e5 7. Nb3 Be6 8. Be2 Be7 9. 0-0 0-0 10. Be3 Nbd7 11. f4 exf4 12. Bxf4 Qb6+ 13. Kh1 Ne5 14. Nd5 Nxd5 15. exd5 Bd7 16. Qe1 Rac8 17. Bxe5 dxe5 18. Bd3 Bd6 19. Na5 Bb4 20. Qh4 f5 21. Nc4 Qc7 22. Nxe5 Qxe5 23. Qxb4 Qxd5 24. b3 b5 25. Rfd1 Qc5 26. Qxc5 Rxc5 27. b4 Rc7 28. a5 f4 29. Rac1 Rfc8 30. Kg1 g5 31. Re1 h5 32. Re5 g4 33. Rxh5 Rf8 34. Rf1 Bc6 35. Rg5+ Rg7 36. Rxg7+ Kxg7 37. g3 f3 38. Kf2 Kh6 39. Re1 Bd7 40. Re7 Bc8 41. Rh7+ Kg5 42. Rg7+ Kf6 43. Rg6+ Kf7 44. Rg5 Rh8 45. Kg1 Kf6 46. Rg6+ Ke5 47. c3 Rd8 48. Rg5+ Kf6 49. Rg6+ Kf7 50. Be4 Rd1+ 51. Kf2 Rd2+ 52. Kg1 f2+ 53. Kf1 Be6 54. Rxe6 Kxe6 55. Bb7 Ke5 56. Bxa6 Ke4 57. Bxb5 Ke3 58. Kg2 Rc2 59. a6 Rxc3 0-1

[Event "CZE-ch U12 Girls"]
[Site "Kouty nad Desnou"]
[Date "2014.03.14"]
[Round "8"]
[White "Vaskova, Marie"]
[Black "Urbanova, Daniela"]
[Result "0-1"]
[WhiteElo "1348"]
[BlackElo "1239"]
[PlyCount "70"]
[EventDate "2014.03.08"]
[EventType "swiss"]
[EventRounds "9"]
[EventCountry "CZE"]
[SourceTitle "EXT 2015"]
[Source "ChessBase"]
[SourceDate "2014.11.20"]
[SourceVersion "1"]
[SourceVersionDate "2014.11.20"]
[SourceQuality "1"]

1. e4 d6 2. d4 e5 3. d5 Nf6 4. Bg5 Be7 5. Nc3 0-0 6. Bd3 h6 7. Bxf6 Bxf6 8. Qf3 c6 9. 0-0-0 Re8 10. Nge2 Nd7 11. Ng3 Nc5 12. a3 a5 13. Kd2 Bg5+ 14. Ke2 cxd5 15. Nxd5 Ne6 16. c3 g6 17. Bc4 Rf8 18. Rhe1 b6 19. Kf1 Kg7 20. Rd3 Ra7 21. Red1 Ba6 22. Bxa6 Rxa6 23. Ne3 b5 24. c4 Nd4 25. Qg4 bxc4 26. Nxc4 h5 27. Qh3 Qc8 28. Qxc8 Rxc8 29. b3 a4 30. Nd2 Bxd2 31. R1xd2 axb3 32. Ne2 Nxe2 33. Kxe2 Rxa3 34. Rb2 Rb8 35. Kd2 Ra2 0-1

[Event "CZE-ch U12 Girls"]
[Site "Kouty nad Desnou"]
[Date "2014.03.12"]
[Round "6"]
[White "Kocourkova, Klara"]
[Black "Urbanova, Daniela"]
[Result "1-0"]
[WhiteElo "1297"]
[BlackElo "1239"]
[PlyCount "155"]
[EventDate "2014.03.08"]
[EventType "swiss"]
[EventRounds "9"]
[EventCountry "CZE"]
[SourceTitle "EXT 2015"]
[Source "ChessBase"]
[SourceDate "2014.11.20"]
[SourceVersion "1"]
[SourceVersionDate "2014.11.20"]
[SourceQuality "1"]

1. Nf3 Nc6 2. d4 d5 3. c4 Nf6 4. cxd5 Nxd5 5. e4 Nf6 6. d5 Nb8 7. Nc3 e6 8. Bc4 Bb4 9. Qa4+ c6 10. Qxb4 cxd5 11. exd5 exd5 12. Nxd5 Nxd5 13. Qb5+ Nc6 14. Qxd5 Qe7+ 15. Be3 Nb4 16. Bb5+ Kf8 17. Qc5 a6 18. Qxe7+ Kxe7 19. Bc5+ Kf6 20. Bxb4 axb5 21. 0-0 Re8 22. Bc5 Kg6 23. a3 h6 24. Rfe1 Be6 25. Nd4 Bd7 26. Nf3 Be6 27. Rad1 Rad8 28. h3 Kh7 29. Nd2 Bd5 30. f3 f5 31. Rxe8 Rxe8 32. Nf1 Bc6 33. Ng3 Rf8 34. Nh5 Rf7 35. Nf4 Re7 36. Rd6 Be8 37. Ne6 Kg8 38. Bb4 Kf7 39. Nd8+ Kg8 40. Rb6 Rc7 41. Rxb7 Rc1+ 42. Kh2 Rd1 43. Ne6 Rd7 44. Rxd7 Bxd7 45. Nd4 Kf7 46. Kg3 g5 47. f4 Kf6 48. Kf3 g4+ 49. hxg4 fxg4+ 50. Ke3 h5 51. g3 Kf7 52. Ke4 Kf6 53. Kd5 h4 54. gxh4 g3 55. Be1 g2 56. Bf2 Kg6 57. Kc5 Kf6 58. Nxb5 Kf5 59. a4 Kxf4 60. a5 Kf3 61. Bd4 Bc8 62. Nd6 Ba6 63. b4 Kg4 64. b5 Bxb5 65. Nxb5 Kxh4 66. a6 Kh3 67. Bg1 Kg3 68. a7 Kf3 69. a8Q+ Kf4 70. Qxg2 Kf5 71. Qe2 Kf4 72. Kd5 Kf5 73. Qf2+ Kg6 74. Qf4 Kg7 75. Qf5 Kg8 76. Qf6 Kh7 77. Bd4 Kg8 78. Qg7# 1-0

[Event "CZE-ch U12 Girls"]
[Site "Kouty nad Desnou"]
[Date "2014.03.09"]
[Round "2"]
[White "Jordova, Zdenka"]
[Black "Urbanova, Daniela"]
[Result "0-1"]
[WhiteElo "1050"]
[BlackElo "1239"]
[PlyCount "110"]
[EventDate "2014.03.08"]
[EventType "swiss"]
[EventRounds "9"]
[EventCountry "CZE"]
[SourceTitle "EXT 2015"]
[Source "ChessBase"]
[SourceDate "2014.11.20"]
[SourceVersion "1"]
[SourceVersionDate "2014.11.20"]
[SourceQuality "1"]

1. e4 e5 2. Nf3 Nc6 3. Nc3 Bc5 4. Bc4 Nf6 5. 0-0 d6 6. d3 Bg4 7. Bg5 h6 8. Bh4 0-0 9. Bb5 Nd4 10. h3 Nxf3+ 11. gxf3 Be6 12. Kh1 c6 13. Ba4 Bxh3 14. Rg1 Qe7 15. Bb3 Be6 16. Bxe6 Qxe6 17. Qf1 d5 18. exd5 cxd5 19. Na4 b6 20. Nxc5 bxc5 21. Qg2 Nh5 22. Rae1 g6 23. c4 d4 24. Qg4 Qxg4 25. fxg4 Nf4 26. Be7 Rfe8 27. Bxc5 Nxd3 28. Re4 Nxf2+ 29. Kg2 Nxe4 30. Bb4 Rad8 31. Ba5 Rd7 32. Rh1 d3 33. Kf3 d2 34. Rd1 Ng5+ 35. Ke2 Rd4 36. b3 Rxg4 37. Bxd2 Rd8 38. c5 h5 39. Ba5 Rxd1 40. Kxd1 Rd4+ 41. Kc2 Ne6 42. c6 Rd5 43. b4 h4 44. Kc3 h3 45. Kc4 Rxa5 46. bxa5 h2 47. c7 Nxc7 48. Kc5 h1Q 49. Kd6 Qc1 50. Kxe5 Qd2 51. a3 Qxa5+ 52. Kd6 Qb6+ 53. Kd7 Kf8 54. a4 Ne6 55. Kc8 Qc7# 0-1